000 00434pab a2200169 454500
008 180718b2003 xxu||||| |||| 00| 0 eng d
100 _aDavis, Rosa
245 _aCounselling for sexual incompatibility and dysfunction
260 _c2003
300 _ap.167-83.
362 _aApr
650 _aCounselling
650 _aSexual behaviour
700 _aWhitlaker, Ruth
773 _aIndian Journal of Social Work
909 _a60706
999 _c60706
_d60706